| Tag |
First Indicator |
Second Indicator |
Subfields |
| LEADER |
00000cgm a2200000Mi 4500 |
| 001 |
in00005607445 |
| 006 |
m o c |
| 007 |
cr |n|---||a|a |
| 007 |
vz |zazu| |
| 008 |
080405s1998 nyu045 g o vueng d |
| 005 |
20241214204603.8 |
| 035 |
|
|
|a (OCoLC)ocn747798251
|
| 040 |
|
|
|a ALSTP
|b eng
|e pn
|c ALSTP
|d OCLCQ
|d OCLCF
|d OCLCO
|d OCLCQ
|d OCL
|d OCLCQ
|d IAA
|d OCLCA
|d WYU
|d UAB
|d OCLCO
|d LUU
|d OCLCQ
|d OCLCO
|d OCLCL
|d MNU
|d OCLCO
|
| 035 |
|
|
|a (OCoLC)747798251
|
| 041 |
1 |
|
|a eng
|p eng
|
| 043 |
|
|
|a a-th---
|
| 050 |
|
4 |
|a Internet Access
|b AEGMCT
|
| 082 |
0 |
4 |
|a 331.41279593
|q OCoLC
|2 23/eng/20230216
|
| 049 |
|
|
|a TXAM
|
| 245 |
0 |
0 |
|a Behind the smile /
|c produced by Alan Handel Productions.
|
| 260 |
|
|
|a New York, NY :
|b Filmakers Library,
|c 1998.
|
| 300 |
|
|
|a 1 online resource (45 min.)
|
| 336 |
|
|
|a two-dimensional moving image
|b tdi
|2 rdacontent
|
| 337 |
|
|
|a computer
|b c
|2 rdamedia
|
| 338 |
|
|
|a online resource
|b cr
|2 rdacarrier
|
| 341 |
0 |
|
|a auditory
|b captions
|2 sapdv
|
| 532 |
1 |
|
|a Closed captioning in English
|
| 520 |
|
|
|a Hundreds of thousands of Thai young women leave their rural homes to work in the factories of Bangkok. They are the backbone of Thailand s economic success, yet are looked upon as almost less than human. Behind the Smile explores the lives and culture of these young women who live in crowded dormitories or shacks with few possessions, homesick for their families. Yet the money they earn is so desparately needed by their families that they must stay for years in their grim servitude. Through portraits of three women, we see the human cost of the country's rapid industrialization. Amoan, at nineteen, has been working in a textile factory for five years amidst the endless dust and never ending noise. As a good Buddhist daughter, she sends all her money home and spends nothing on herself. Laiad and her husband had to leave their children in the village. They rarely see them. Willaiwon after working in the same factory for fourteen years for minimum wage has become a union organizer. A whole generation of women has disappeared from the villages, changing traditions for ever.
|
| 521 |
|
|
|a For College; Adult audiences.
|
| 546 |
|
|
|a English.
|
| 586 |
|
|
|a Association for Asian Studies, 1998
|
| 588 |
0 |
|
|a Print version record.
|
| 651 |
|
0 |
|a Thailand
|x Social conditions.
|
| 650 |
|
0 |
|a Women employees
|z Thailand.
|
| 650 |
|
0 |
|a Work environment
|z Thailand.
|
| 651 |
|
6 |
|a Thaïlande
|x Conditions sociales.
|
| 650 |
|
6 |
|a Personnel féminin
|z Thaïlande.
|
| 650 |
|
7 |
|a Social conditions
|2 fast
|
| 650 |
|
7 |
|a Women employees
|2 fast
|
| 650 |
|
7 |
|a Work environment
|2 fast
|
| 651 |
|
7 |
|a Thailand
|2 fast
|1 https://id.oclc.org/worldcat/entity/E39PBJcKHdfFMJFcHGFbMGMgKd
|
| 655 |
|
0 |
|a Documentary.
|
| 655 |
|
4 |
|a Streaming videos.
|
| 655 |
|
7 |
|a documentary film.
|2 aat
|
| 655 |
|
7 |
|a Video recordings for the hearing impaired.
|2 lcgft
|
| 655 |
|
7 |
|a Documentary films.
|2 lcgft
|
| 710 |
2 |
|
|a Alan Handel Productions.
|
| 758 |
|
|
|i has work:
|a Behind the smile (MovingImage)
|1 https://id.oclc.org/worldcat/entity/E39PCFG9MxJCDQcBDBrRp7PPcP
|4 https://id.oclc.org/worldcat/ontology/hasWork
|
| 830 |
|
0 |
|a Filmakers library online.
|
| 856 |
4 |
0 |
|u http://proxy.library.tamu.edu/login?url=https://www.aspresolver.com/aspresolver.asp?AVN2;1785046
|z Connect to this streaming video (Alexander Street Press)
|t 0
|
| 955 |
|
|
|a Alexander Street Press perpetual purchased Fall 2024 streaming video
|
| 994 |
|
|
|a 92
|b TXA
|
| 999 |
f |
f |
|s 24939c09-e479-4ad7-9407-52992160e2e8
|i 1c9feff4-1b02-4d54-bfaa-f476919890f4
|t 0
|
| 952 |
f |
f |
|a Texas A&M University
|b College Station
|c Electronic Resources
|d Available Online
|t 0
|e Internet Access AEGMCT
|h Library of Congress classification
|
| 998 |
f |
f |
|a Internet Access AEGMCT
|t 0
|l Available Online
|